Social Critique of the Soviet Regime in Ivars Poikāns’ works from 1987 till 1990

Titel: Social Critique of the Soviet Regime in Ivars Poikāns’ works from 1987 till 1990 / Agnese Zviedre
Verfasser:
In: Kunstiteaduslikke uurimusi, Band 32, Heft 1/2 (2023), Seite 152-168
alle Artikel anzeigen
Veröffentlicht: 2023
Umfang: 3 Illustrationen
Format: Aufsatz
Sprache: Englisch
Schlagworte:
Kein Bild verfügbar
X
alg: 51065068
001A    $03025:16-08-23 
001B    $01999:16-08-23 $t22:49:59.000 
001D    $03025:16-08-23 
001U    $0utf8 
001X    $00 
002@    $0Aou 
002C    $aText $btxt $2rdacontent 
002D    $aohne Hilfsmittel zu benutzen $bn $2rdamedia 
002E    $aBand $bnc $2rdacarrier 
003@    $0510650686 
007A    $0510650686 $aHEB 
010@    $aeng 
010E    $erda 
011@    $a2023 
021A    $aSocial Critique of the Soviet Regime in Ivars Poikāns’ works from 1987 till 1990 $hAgnese Zviedre 
028A    $BVerfasser $4aut $8Zviedre, Agnese [Tnu] $9510650643 
031A    $d32 $e1/2 $g17 $h152-168 $j2023 
034M    $a3 Illustrationen 
039B    $aEnthalten in $8--Abvc--. Kunstiteaduslikke uurimusi. - Tallinn : KUNST, 1994-. - ISSN 1406-2860 $x202300000320001848 $9048195952 
039Z    $aZusammengefasst als $tNõukogude režiimi ühiskonnakriitika Ivars Poikānsi töödes (1987-1990) puude-esteetika perspektiivist 
044K    $8Poikāns, Ivars$Z1952- [Tp1] $9499666461 
044K    $#Lettland $#Lettland $#Latvija $#Latvijas Republika $#Lettische Republik $#Lettische SSR $#Latvijskaja SSR $74074187-4 $8Lettland [Tg1] $9085208876 
044K    $RSystemveränderung $74181897-0 $8Sowjetisierung [Ts1] $9085873322 
044K    $RGemälde $RMalen $#Painting $#Peinture $#Holztafelmalerei $#Tafelbild Malerei $#Tafelmalerei $74037220-0 $8Malerei [Ts1] $9085101273 
044K    $#Systemkritik $#Dissidenz $74184279-0 $8Systemkritik [Ts1] $9085892998 
044K    $RMensch $RMotiv $#Human body in literature $#Körperbild Motiv $74164424-4 $8Körper$gMotiv [Ts1] $9085732990 
045F    $a709.479609048 $eDDC23BSB 
045F/01 $a709 
045F/03 $f09048 
045F/03 $g4796 
045R    $aIdeengeschichte 1987-1990 
045T    $a9,10 
046L    $aEstnische Zusammenfassung 

lok: 51065068 78

exp: 51065068 78 1 #EPN
201B/01 $016-08-23 $t08:35:13.000 
201C/01 $016-08-23 
201U/01 $0utf8 
203@/01 $01241751382 
208@/01 $a16-08-23 $be 
209A/01 $a/ $f000 $x00 
209A/01 $ab*p $x01 
220C/01 $akoe 
247C/01 $82080>Marburg/Lahn, Herder-Institut, Forschungsbibliothek, Bibliographieportal $9336309341
LEADER 00000caa a2200000 c 4500
001 510650686
003 DE-603
005 20230816224959.0
007 tu
008 230816s2023 xx |||| | u00||u|eng c
035 |a (DE-599)HEB510650686 
040 |a DE-603  |b ger  |c DE-603  |d DE-603  |e rda 
041 |a eng 
082 0 4 |8 1\u  |a 709.479609048  |q DE-101  |2 23/BSB 
084 |a 9,10  |2 ssgn 
085 |8 1\u  |b 709 
085 |8 1\u  |z 1  |s 09048 
085 |8 1\u  |z 2  |s 4796 
100 1 |a Zviedre, Agnese  |e Verfasser  |4 aut  |0 (DE-603)510650643 
245 0 0 |a Social Critique of the Soviet Regime in Ivars Poikāns’ works from 1987 till 1990  |c Agnese Zviedre 
264 0 |c 2023 
300 |b 3 Illustrationen 
336 |a Text  |b txt  |2 rdacontent 
337 |a ohne Hilfsmittel zu benutzen  |b n  |2 rdamedia 
338 |a Band  |b nc  |2 rdacarrier 
546 |a Estnische Zusammenfassung 
600 1 7 |a Poikāns, Ivars  |d 1952-  |0 (DE-588)1254886249  |0 (DE-603)499666461  |2 gnd 
648 7 |a Ideengeschichte 1987-1990  |2 gnd 
650 7 |a Sowjetisierung  |0 (DE-588)4181897-0  |0 (DE-603)085873322  |2 gnd 
650 7 |a Malerei  |0 (DE-588)4037220-0  |0 (DE-603)085101273  |2 gnd 
650 7 |a Systemkritik  |0 (DE-588)4184279-0  |0 (DE-603)085892998  |2 gnd 
650 7 |a Körper  |g Motiv  |0 (DE-588)4164424-4  |0 (DE-603)085732990  |2 gnd 
651 7 |a Lettland  |0 (DE-588)4074187-4  |0 (DE-603)085208876  |2 gnd 
773 0 8 |i Enthalten in  |t Kunstiteaduslikke uurimusi  |d Tallinn : KUNST, 1994-  |x 1406-2860  |g Band 32, Heft 1/2 (2023), Seite 152-168  |w (DE-603)048195952  |w (DE-600)920938-4 
787 0 8 |i Zusammengefasst als  |t Nõukogude režiimi ühiskonnakriitika Ivars Poikānsi töödes (1987-1990) puude-esteetika perspektiivist 
924 0 |9 2080  |a (DE-603)1241751382  |b DE-2080  |c HES  |d d  |g /